000 00759cam a2200205 4500
001 WB3737-31
008 011003n2001 000 0 eng u
035 _a(Sirsi) u114982
245 _aNew RICS telecoms forum
260 _c2001
490 _aRICS Press Release
_v(pr125) 2 October 2001, (2)
520 _aRICS has established a pan-industry discussion group as a leading forum for debate within the UK telecommunications industry. The forum aims to raise and discuss the often contentious issues found in the mobile phone market.
590 _aWB
650 _aTELECOMMUNICATIONS INDUSTRY
650 _aMOBILE PHONES
650 _aMOBILE PHONE MASTS
650 _aHEALTH AND SAFETY
_96244
690 _aTRANSPORT AND COMMUNICATIONS
942 _n0
999 _c68464
_d68464